| 000 | 01481nam a2200277Ia 4500 | ||
|---|---|---|---|
| 999 |
_c30827 _d30827 |
||
| 003 | CO-CtgCURN | ||
| 005 | 20250409212019.0 | ||
| 008 | 230420s2014 xx 000 0 und d | ||
| 040 |
_aCO-CtgCURN _bspa _ccoctgcurn |
||
| 082 |
_a378.86112 _bC961 |
||
| 245 | 0 |
_aExistir para servir : _bcuarenta años de historia / _cUniversidad del Sinú; fotografía., José Alcides Perdomo; textos., Boris A. Castillo, Arianna Córdoba Díaz, Nidia Serrano Montes y Ramiro Guzmán Arteaga |
|
| 260 |
_aMontería, Colombia : _bUniversidad del Sinú, _c2014 |
||
| 300 |
_a201 páginas : _bilustraciones, fotos a color; _c28 centímetros |
||
| 505 | _a1. El origen: formación para la vida -- 2. La evolución -- 3. Formación: sembrando futuro -- 4. Investigación: ciencia e innovación -- 6. Servicio complementarios -- 7. Egresados -- 8. Sede Cartagena | ||
| 521 | _aAREA BASICA | ||
| 590 | _aTodos los programas académicos | ||
| 600 |
_aBechara Zainum, Elías, _d1920-2013 _xFundador de la Universidad del Sinú _99149 |
||
| 610 |
_aUniversidad del Sinú (Montería - Colombia) _xHistoria _99150 |
||
| 700 |
_aPerdomo, José Alcides _efotografía _97058 |
||
| 700 |
_aCastillo, Boris A. _etextos _99151 |
||
| 700 |
_aCórdoba Díaz, Arianna _etextos _99152 |
||
| 700 |
_aSerrano Montes, Nidia _etextos _99153 |
||
| 700 |
_aGuzmán Arteaga, Ramiro _etextos _99154 |
||
| 942 |
_cBK _h378.86112 _iC961 _2ddc |
||